Heráclito o el filósofo del eterno retorno / (Record no. 36902)

MARC details
000 -LEADER
campo de control de longitud fija 00651nam a2200205 i 4500
001 - NÚMERO DE CONTROL
campo de control 36902
003 - IDENTIFICADOR DE NÚMERO DE CONTROL
campo de control ES-MaACL
005 - FECHA Y HORA DE LA ÚLTIMA TRANSACCIÓN
campo de control 20230906155450.0
007 - CAMPO FIJO DE DESCRIPCIÓN FÍSICA--INFORMACIÓN GENERAL
campo de control de longitud fija t|
008 - DATOS DE LONGITUD FIJA--INFORMACIÓN GENERAL
campo de control de longitud fija 030219s1977 sp ||||1| spa d
100 1# - ENTRADA PRINCIPAL--NOMBRE DE PERSONA
Nombre de persona Brun, Jean.
9 (RLIN) 32140
245 10 - MENCIÓN DEL TÍTULO
Título Heráclito o el filósofo del eterno retorno /
Mención de responsabilidad, etc. Jean Brun ; [traducción de Ana Mª Aznar Menéndez].
260 ## - PUBLICACIÓN, DISTRIBUCIÓN, ETC.
Lugar de publicación, distribución, etc. [Madrid :
Nombre del editor, distribuidor, etc. EDAF,
Fecha de publicación, distribución, etc. 1977]
300 ## - DESCRIPCIÓN FÍSICA
Extensión 243 p. ;
Dimensiones 19 cm.
490 1# - MENCIÓN DE SERIE
Mención de serie Filósofos de todos los tiempos
700 1# - ENTRADA AGREGADA--NOMBRE PERSONAL
Nombre de persona Aznar Menéndez, Ana María.
9 (RLIN) 24312
830 0# - PUNTO DE ACCESO ADICIONAL DE SERIE-TÍTULO UNIFORME
Título uniforme Filósofos de todos los tiempos
9 (RLIN) 181056
852 ## - LOCALIZACIÓN
Ubicación ES-MaACL
Número de control de estantería A-6614
Sublocalización o colección R.95567
Holdings
Estatus retirado Estado de pérdida Estado de daño No para préstamo Biblioteca de origen Biblioteca actual Ubicación en estantería Fecha de adquisición Fuente de adquisición Total de préstamos Signatura topográfica completa Código de barras Visto por última vez Precio de reemplazo Tipo de ítem Koha
        Biblioteca del Ateneo de Madrid Biblioteca del Ateneo de Madrid Sala Pecera Planta 1 17/01/2008     A-6614 1038808 23/02/2023 23/02/2023 Libro impreso